000
00293pam a2200133 a 4500
020
_c
041
_h
082
_a
658
_b
DAF
100
_a
Daft,R.L.
245
_a
Principles Of Management
_h
Textual Documents
260
_a
New Delhi
_b
Cengage Learning
_c
2009
300
_a
684
930
_a
6093
999
_c
112921
_d
112921